| 000 | 00977nam a2200349 a 4500 | ||
|---|---|---|---|
| 005 | 20210219153439.0 | ||
| 008 | 991125n 000 0 u | ||
| 035 | _aUPN01000100290 | ||
| 100 | _aPopham, James W | ||
| 222 | _aEDUCATIONAL RESEARCHER | ||
| 245 | _aA slice of advice | ||
| 300 | _a18, 35 | ||
| 362 | _a20, No. 9, 1991 | ||
| 505 | _aMayo 1992 | ||
| 505 | _aOctubre 1993 | ||
| 505 | _aSeptiembre 1992 | ||
| 653 | 0 | _aCOLEGIALES | |
| 653 | 0 | _aDIFUSION DE INFORMACION | |
| 653 | 0 | _aDISE\197O DE INVESTIGACION | |
| 653 | 0 | _aEVALUADORES | |
| 653 | 0 | _aINVESTIGACION EDUCATIVA | |
| 653 | 0 | _aINVESTIGACION EN CIENCIAS SOCIALES | |
| 653 | 0 | _a7. INVESTIGADORES | |
| 653 | 0 | _a8. INVESTIGADORES EDUCATIVOS | |
| 653 | 0 | _a9. RELACION ENTRE COMPA\197EROS | |
| 653 | 0 | _a10. RELACION TEORIA-PRACTICA | |
| 653 | 0 | _a11. WRITING FOR PUBLICATION | |
| 700 | _aGlass, Gene V | ||
| 700 | _aStanley, Julian C. | ||
| 904 |
_aAC _b038101 |
||
| 905 | _aArticulo | ||
| 999 |
_c77079 _d77079 |
||